Normal view
MARC view
- Executive MBA
Entry Topical Term
001 - CONTROL NUMBER
- control field: 130713
003 - CONTROL NUMBER IDENTIFIER
- control field: NUST
005 - DATE AND TIME OF LATEST TRANSACTION
- control field: 20250925133837.0
008 - FIXED-LENGTH DATA ELEMENTS
- fixed length control field: 250925|| aca||aabn | a|a d
040 ## - CATALOGING SOURCE
- Original cataloging agency: NUST
- Transcribing agency: NUST
150 ## - HEADING--TOPICAL TERM
- Topical term or geographic name entry element: Executive MBA
670 ## - SOURCE DATA FOUND
- Source citation: Work cat.: (NUST): Ahmad, Faizan 118413, Market Places & Marketing Strategies Using Blockchain Technology/
